000 00576nam a22001937a 4500
005 20260120115208.0
010 _aENG-147548
020 _a9789357312875
_c699.00
035 _aEN-131080
037 _bDBAD
082 _aN
_21
100 _aKhan, Tarana Husain
_986620
245 _aThe Courtesan, Her Lover and I/
_cTarana Husain Khan
260 _aGurugram
_bHachette Book Publishing Pvt. Ltd.
_c2025
270 _a4th&5th Floors, Corporate Centre Plot No. 94, Sector 44,
_bGurugram
_e122003
300 _a318p.
_c24cm(hb)
760 _b1
942 _2ddc
_cEN
_hN
_mKHA
_e1
999 _c214295
_d214295